| 000 | 00552nam a22001697a 4500 | ||
|---|---|---|---|
| 003 | BD-DhUL | ||
| 005 | 20160904155642.0 | ||
| 008 | 160904b xxu||||| |||| 00| 0 eng d | ||
| 040 | _cBD-DhUL | ||
| 082 |
_a954 _bMYB |
||
| 100 | _aমাইতি, প্রভাতাংশু | ||
| 245 |
_aভারত ইতহাস পরিক্রমা / _cমাইতি, প্রভাতাংশু |
||
| 260 | _aঢাকা : | ||
| 300 |
_a৫১০ পৃ. ; _c২২ সেমি. |
||
| 650 |
_aইতিহাস _vHistory |
||
| 942 |
_2ddc _cBK |
||
| 999 |
_c103969 _d103969 |
||